| 000 | 00890nam a2200265Ia 4500 | ||
|---|---|---|---|
| 008 | 130821s2011 sp ao gr spa | ||
| 020 | _a9788483226766 | ||
| 040 |
_aCo-BoUCM _bspa |
||
| 041 | 0 | 0 | _aspa |
| 245 | 0 | 0 |
_aIntroducción al marketing _cGary Armstrong...[y otros autores] |
| 250 | _a3a ed. | ||
| 260 |
_aMadrid (España) _bPearson educación _c2011 |
||
| 300 |
_axvii, 415 páginas _bilustraciones, gráficas, cuadros, fotografías a color |
||
| 504 | _aIncluye bibliografía e índice. | ||
| 650 | 0 | 4 |
_aAdministración de empresas _9435 |
| 650 | 0 | 4 |
_aAdministración de mercadeo _98558 |
| 650 | 0 | 4 |
_aAdministración de ventas _98582 |
| 650 | 0 | 4 |
_aMercadeo _919305 |
| 700 | 1 | _aArmstrong, Gary | |
| 700 | 1 | _aBrennan, Ross | |
| 700 | 1 | _aHarker, Michael | |
| 700 | 1 | _aKotler, Philip | |
| 942 |
_cLIBRO _a16 _e3 _mI619 _2DEWEY _h658.8 |
||
| 999 |
_c41149 _d41149 |
||